| 000 | 01070nam a2200313 u 4500 | ||
|---|---|---|---|
| 003 | MX-MxUPN | ||
| 005 | 20240925065306.0 | ||
| 008 | 070822s19721989sp gr 000 0 spa d | ||
| 020 | _a8420613797 | ||
| 035 | _aUPN01000151249 | ||
| 040 |
_aMX-MxUPN _bspa _cMX-MxUPN |
||
| 041 |
_aspa _hfre |
||
| 050 | 4 |
_aBD701 _bE5.58a |
|
| 100 | 1 |
_aEliade, Mircea, _d1907-1986 _933710 |
|
| 240 | 1 | 3 |
_aLe mythe de l'eternel retour : archétypes et répétitions. _lEspañol |
| 245 | 1 | 3 |
_aEl mito del eterno retorno : _barquetipos y repetición |
| 250 | _aPrimera edición | ||
| 260 |
_aMadrid : _bAlianza Editorial, _c1972 (1989 impr.). |
||
| 300 | _a174 páginas | ||
| 490 | 0 |
_aEl libro del bolsillo. Humanidades ; _v379 |
|
| 504 | _aIncluye índice y bibliografía. | ||
| 534 |
_pTraducción de : _tLe mythe de l'éternel retour. Archétypes et répétition |
||
| 650 | 4 |
_aReligión _98129 |
|
| 650 | 4 |
_aMitología _99786 |
|
| 650 | 4 |
_aHistoria _xAspectos religiosos _951843 |
|
| 700 | 1 |
_951842 _aAnaya, Ricardo _etraducción |
|
| 905 | _aLibro | ||
| 942 |
_2lcc _cLIBRO _n0 |
||
| 999 |
_c123387 _d123387 |
||